Fr. Conceicao Rodrigues College of Engineering

Electric circuit (Record no. 23492)

MARC details
000 -LEADER
fixed length control field 00301nam a2200145Ia 4500
082 ## - DEWEY DECIMAL CLASSIFICATION NUMBER
Classification number 621.3192
Item number NIL
100 ## - MAIN ENTRY--PERSONAL NAME
Personal name Nilsson/J.W.
250 ## - EDITION STATEMENT
Edition statement 5
245 ## - TITLE STATEMENT
Title Electric circuit
260 ## - PUBLICATION, DISTRIBUTION, ETC.
Name of publisher, distributor, etc. Addison Wesly
Place of publication, distribution, etc. New Delhi
Date of publication, distribution, etc. 1996
300 ## - PHYSICAL DESCRIPTION
Extent 983
546 ## - LANGUAGE NOTE
Language note ENGLISH
654 ## - SUBJECT ADDED ENTRY--FACETED TOPICAL TERMS
Focus term Circuits
942 ## - ADDED ENTRY ELEMENTS (KOHA)
Koha item type BOOK
Holdings
Withdrawn status Lost status Damaged status Not for loan Collection Home library Current library Date acquired Total Checkouts Full call number Barcode Date last seen Price effective from Koha item type
        CRC Fr. Agnel's C.Rodrigues College of Engineering Fr. Agnel's C.Rodrigues College of Engineering 17/03/2023   621.3192 NIL 10402 17/03/2023 17/03/2023 BOOK